000 00430nam a2200193Ia 4500
001 13554
003 GE_BSU
008 181216s||||||||xx |||||||||||||| ||und||
020 _a9781405473514
040 _cGE_BSU
080 _a796(031)
245 4 _aThe Encyclopedia of Golf
260 _aLondon
260 _bParragon books LTD
260 _c2001
300 _a224p.26cm.
653 _aThe Encyclopedia of Golf
942 _cBK
999 _c46710
_d46710